|
|
|
แสดงรายละเอียดบรรณานุกรม |
|
|
Brief Record
: Get Marc (ISO 2709)
: E-mail record
: |
|
|
| LEADER 00000nam 2200000uu 4500 | |||
| 001 13399125794 | |||
| 003 ULIB | |||
| 008 141020s2557||||th 000 0 tha d | |||
| 060 4 ^aWA100^bธ581อ 2557 | |||
| 100 0 ^aธิดากานต์ รุจิพัฒนกุล | |||
| 245 10 ^aอ่านแล้ว Young :^bหนังสือสามัญประจำบ้าน /^cธิดากานต์ รุจิพัฒนกุล | |||
| 250 ^aพิมพ์ครั้งที่ 2 | |||
| 260 ^aกรุงเทพฯ :^bพลีสเฮลท์ โซลูชั่น,^c2557 | |||
| 300 ^a285 หน้า :^bภาพประกอบ | |||
| 650 7 ^aสุขภาพ | |||
| 650 7 ^a | |||
| 856 ^zอ่านแล้ว Young หนังสือสามัญประจำบ้าน (10039849).pdf (สารบัญหนังสือ)^uhttp://61.19.69.198/ULIB//_fulltext/Content ::/13399125794/20141124110627_294.pdf | |||
| 999 ^aสุณิสา | |||
| คุณยังไม่ได้ล็อกอิน คุณสามารถมีกิจกรรมร่วมกับเว็บไซต์ได้ แต่ต้องล็อกอินก่อน :: |
|
| สถานะ | |||||||||
| 1. | หนังสือเก่า | WA100 ธ581อ 2557 ฉ.1 Barcode: 10039849 | ►ชั้นหนังสือเก่าปีพิมพ์เกิน 10 ปี | บนชั้น | |||||
| 2. | หนังสือเก่า | WA100 ธ581อ 2557 ฉ.2 Barcode: 10039850 | ►ชั้นหนังสือเก่าปีพิมพ์เกิน 10 ปี | บนชั้น | |||||
| [แสดง 2/2 รายการ] | |||||||||
| รายการใกล้เคียง ผู้แต่ง [ธิดากานต์ รุจิพัฒนกุล]
หัวเรื่อง [สุขภาพ]
|
BibComment |
| คอมเมนท์ทรัพยากรรายการนี้ |
|
|